| 000 | 00346nam a22001457a 4500 | ||
|---|---|---|---|
| 003 | SGT | ||
| 020 | _a9789392787805 | ||
| 082 |
_a363.26 _bDHA |
||
| 100 | _aDHALL MEENAL | ||
| 245 | _aHANDBOOK OF DIGITAL FORENSICS & CYBER CRIME | ||
| 250 | _a1 | ||
| 260 |
_aNEW DELHI _bSELECTIVE & SCIENTIFIC BOOKS _c2023 |
||
| 300 | _a278 | ||
| 942 |
_2ddc _cBK _010 |
||
| 999 |
_c27461 _d27461 |
||